Medzinárodný súdny dvor a vyhlásenie nezávislosti Kosova

Vyhlásenie poradného stanoviska Medzinárodného súdneho dvora. Obsah a závery poradného stanoviska Medzinárodného súdneho dvora.

Salvato in:
Dettagli Bibliografici
Autore principale: Mráz, Stanislav
Natura: Capitolo di libro
Lingua:slovacco
Soggetti:
Tags: Aggiungi Tag
Nessun Tag, puoi essere il primo ad aggiungerne!!

MARC

LEADER 00000naa$a2200000$$$4500
001 0251743
005 20240502074034.5
041 0 |a slo 
044 |a SK 
245 1 0 |a Medzinárodný súdny dvor a vyhlásenie nezávislosti Kosova  |c Stanislav Mráz 
520 |a Vyhlásenie poradného stanoviska Medzinárodného súdneho dvora. Obsah a závery poradného stanoviska Medzinárodného súdneho dvora. 
610 2 0 |a nezávislosť 
610 2 0 |a štát 
610 2 0 |a právo medzinárodné 
610 2 0 |a súdy 
610 2 0 |a Medzinárodný súdny dvor 
610 2 0 |a Kosovo 
100 1 |a Mráz, Stanislav